01137nam a2200193Ia 4500001001100000003001000011008004100021040002500062041001300087100002100100245007700121250001100198260009200209300001200301500025100313501011400564520025100678650001400929L268-28617IT-CnALBA170116s9999||||xx |||||||||||||| ||und|| aIT-CnALBAcIT-CnALBA aITALIANO aMESSORI VITTORIO 0aRAPPORTO SULLA FEDE. VITTORIO MESSORI A COLLOQUIO CON JOSEPH RATZINGER.  a1a ed. aCINISELLO BALSAMO (MI)bEDIZIONI PAOLINEc1985 [1° Ed.:1985 - Ed.Ling.Originale: 1985] a218 p.  aINCONTRO. RISCOPERTA DEL CONCILIO. LA CHIESA. PRETI E VESCOVI. SEGNALI DI PERICOLO. DRAMMA DELLA MORALE. LE DONNE. UNA DONNA. SPIRITUALITÀ. LITURGIA TRA ANTICO E NUOVO. LE REALTÀ ULTIME. FRATELLI SEPARATI. LIBERAZIONE. RIANNUNCIO DEL CRISTO.  aSocietà San Paolo EM - Piazza San Paolo, 14 - 12051 ALBA (CN) (non commercial uses only) ® Copyright 2017 aINCONTRO. RISCOPERTA DEL CONCILIO. LA CHIESA. PRETI E VESCOVI. SEGNALI DI PERICOLO. DRAMMA DELLA MORALE. LE DONNE. UNA DONNA. SPIRITUALITÀ. LITURGIA TRA ANTICO E NUOVO. LE REALTÀ ULTIME. FRATELLI SEPARATI. LIBERAZIONE. RIANNUNCIO DEL CRISTO.  aCATECHESI